000
00348nam a2200145 a 4500
001
4144
005
20140414131935.0
008
090317s19uu xx 00 eng d
050
_a
REF 643.1
_b
H14 2002
100
_a
Hall, Margaret
245
_a
Homes.
260
_a
Chicago :
_b
Heinemann Library,
_c
2001.
650
_a
Dwellings.
999
_c
112430
_d
112430